000 01409nam a22002777a 4500
001 8692
003 FISKH
005 20251010145736.0
008 251010b cb ||||| |||| 00| 0 eng d
040 _aFISKH
_bkhr
_cFISKH
_dFISKH
050 _aPZ7
082 _a028.5
100 _aMinistry of Education , Youth and Sport
245 _aកូនភ្នំ /
_cក្រសួងអប់រំ យុវជន និងកីឡា
260 _aPhnom Penh :
_bកិច្ចសហប្រតិបត្តិការអភិវឌ្ឍន៍ប៊ែលហ្ស៊ិក ,
300 _a8 pages :
_bcolor illustrations ;
_c25 cm .
505 _aE
520 _aចែមបានស្វែងរកភូមិ ហើយធ្វើដំណើរឡើងភ្នំដែលនៅជិតនោះ។ នៅពេលអង្គុយនៅលើកំពូលភ្នំ គាត់អាចមើលឃើញភូមិទាំងមូល និងផ្ទះរបស់គាត់។
520 _aJem explored the village and went hiking at the nearby hill. Sitting on the hilltop, he could see the whole village and his house .
521 8 _a200
_bLexile estimate
521 8 _aE
_bRaz-Plus
650 _aកូនភ្នំ
_vរឿងនិទានកុមារ
650 _aHill
_vChildren's Stories
942 _2ddc
_cKHB
_n0
999 _c8692
_d8692